LEADER 01245nam a2200265 a 4500 001 000000151274 003 CaOOAMICUS 005 20160412160835.0 008 160412s2014 it of u000 u ita r 032 $aLibriCat 040 $aPUL$bita 100 1 $aScattolini, Antonio.$0(OLS)http://pul/name/96275 245 11$a"Voi siete i figli dei profeti"(At 3,25).La profezia visiva del pulpito di San Fermo a Verona :$bdalla contemplazione artistica al secondo annuncio /$cAntonio Scattolini. 260 $aPadova :$b[s.n.],$c2014. 300 $a216 p.;$c25 cm 502 $aTesi di Dottorato- Facoltà Teologica del Triveneto, 2014. 504 $aBibliografia: p. 167-212. 650 4$aArte sacra$zItalia.$0(OLS)http://pul/subject/27168 710 2 $aFacoltà Teologica del Triveneto.$kTesi.$0(OLS)http://pul/name/86198 850 $aPUL 852 $aPUL$W1$xDP1 Tesi Varie$y51$m2014 B 17$j162385$qTesi$B176093$CPULBib$Z2$F176093 $82 941 1 $a16 996 $6245$a"Voi siete i figli dei profeti"(At 3,25).La profezia visiva del pulpito di San Fermo a Verona :$bdalla contemplazione artistica al secondo annuncio$9(OLS)http://pul/title/190506 996 $6260$aPadova :$b[s.n.]$9(OLS)http://pul/publisher/63332 LEADER 01198nam a2200301 a 4500 001 000000170518 003 CaOOAMICUS 005 20181116093911.0 008 181116s1989 it u000 u ita r 020 $z88-01-16866-7* 032 $aLibriCat 040 $aPUL$bita 041 1 $aita$hspa 082 14$a248.4 100 1 $aPujol i Bardolet, Jaume.$0(OLS)http://pul/name/109700 240 10$aItinerario de la vida religiosa a los veinte anos de post-concilio.$lItaliano.$0(OLS)http://pul/title/211297 245 13$aLa vita religiosa oggi /$cJaume Pujol i Bardolet. 260 $aLeumann (Torino) :$bElle Di Ci,$c1989. 300 $a223 p. ;$c20 cm. 650 4$aVita religiosa.$0(OLS)http://pul/subject/3323 850 $aPUL 852 $aPUL$W1$xDP2 Religione 3$y114$m248. 4 PUJJA 1$j193340$qDDC 21$B198848$CPULBib$Z2$F198848 $H131637 $81 941 1 $a9 996 $6020$z88-01-16866-7*$9(OLS)http://pul/number/165285 996 $6082$a248.4$9(OLS)http://pul/classification/625 996 $6245$aLa vita religiosa oggi$9(OLS)http://pul/title/211298 996 $6260$aLeumann (Torino) :$bElle Di Ci$9(OLS)http://pul/publisher/53685